La vita provvisoria /

Đã lưu trong:
Chi tiết về thư mục
Tác giả khác: Prosperi, Giorgio (Người viết kịch bản), Battaglia, Enzo (Giám đốc), Cosulich, Guido (Nhiếp ảnh gia), Ludovisi, Vicky (Diễn viên), Pitagora, Paola (Diễn viên), Gamna, Vincenzo (Giám đốc), D'Eva, Alessandro (Nhiếp ảnh gia), Di Fraia, Adelmo (Diễn viên)
Định dạng: Luận văn Slide
Ngôn ngữ:Tiếng Italy
Được phát hành: [Italia] : Ripley's Home Video, 2015
Các nhãn: Thêm thẻ
Không có thẻ, Là người đầu tiên thẻ bản ghi này!

MARC

LEADER 00000ngm a22000007i 4500
001 IT\ICCU\UBO\4168016
003 ItRI
005 20260124182842.0
008 160201s2015 it |||||||||||||||k|||||c
024 3 1 |a 8054633700099 
028 4 2 |a 009 
040 |b ita 
041 7 |a ita  |2 ISO-639-2 
082 |a 791.43  |9 CINEMA  |2 21 
130 3 |a La vita provvisoria <film ; 1963>  |3 IT\ICCU\RL1\0003933 
245 0 3 |a La vita provvisoria /  |c regia di Vincenzo Gamna, Enzo Battaglia ; soggetto Fabio Jegher, Giorgio Prosperi ; sceneggiatuta Giorgio Prosperi ... [et al.] ; fotografia Alessandro D'Eva, Guido Cosulich De Pecine. 
260 |a [Italia] :  |b Ripley's Home Video,  |c 2015 
300 |a 1 DVD-Video (108 min) :  |b b/n, sonoro ;  |c 12 cm +  |e 1 fascicolo 
500 |a Titolo del contenitore 
500 |a Produzione cinematografica Italia 1963 
500 |a Lingue: italiano; sottotitoli: inglese 
500 |a Caratteristiche tecniche: regione 0; PAL; 1.66:1, 16/9; audio mono 
502 |a Contenuti extra. - Vietato ai minori di 18 anni 
511 |a Interpreti principali: Adelmo Di Fraia, Vicky Ludovisi, Paola Pitagora 
700 1 |a Prosperi, Giorgio  |0 IT\ICCU\CFIV\112450  |4 sce 
700 1 |a Jegher, Fabio  |0 IT\ICCU\LO1V\137238  |4 ant 
700 1 |a Battaglia, Enzo  |0 IT\ICCU\LO1V\185562  |4 drt 
700 1 |a Cosulich, Guido  |0 IT\ICCU\LO1V\264832  |4 pht 
700 1 |a Ludovisi, Vicky  |0 IT\ICCU\LO1V\323271  |4 act 
700 1 |a Pitagora, Paola  |0 IT\ICCU\RAVV\092739  |4 act 
700 1 |a Gamna, Vincenzo  |0 IT\ICCU\SBLV\228595  |4 drt 
700 1 |a D'Eva, Alessandro  |0 IT\ICCU\SBLV\254581  |4 pht 
700 1 |a Di Fraia, Adelmo  |0 IT\ICCU\UBOV\425807  |4 act 
790 1 |a Ludovisi, Vittoria  |3 IT\ICCU\SBNV\026562  |z Ludovisi, Vicky 
790 1 |a Ludovici, Vicky  |3 IT\ICCU\SBNV\026563  |z Ludovisi, Vicky 
942 |2 ddc  |c VM  |n 0 
952 |0 0  |1 0  |4 0  |6 VO_2203_000000000000000  |7 0  |9 26975  |a BO  |b BO  |d 2026-01-24  |i 18121  |l 0  |o VO 2203  |p BO18121  |r 2026-01-24 18:28:42  |w 2026-01-24  |x [Sebina 7] [1 dvd]  |y VM  |z 1 dvd 
999 |c 22821  |d 22821